Los Siete Mares - Estadísticas

Estadísticas generales
  • Esta prueba ha sido intentada 150 veces
  • La puntuación promedio es 13 de 21
Estadísticas de respuestas
% Correcto
Europa Medieval Mar Mediterráneo
93%
Antigua Grecia Mar Mediterráneo Oriental
93%
Europa Medieval Mar Negro
83%
Antigua Grecia Mar Negro
83%
Europa Medieval Mar Rojo
76%
Antigua Grecia Mar Rojo
76%
Antigua Grecia Mar Egeo
70%
Europa Medieval Mar Adriático
65%
Europa Medieval Mar Caspio
65%
Mundo actual Océano Atlántico Norte
65%
Mundo actual Océano Atlántico Sur
65%
Mundo actual Océano Pacífico Norte
62%
Mundo actual Océano Pacífico Sur
62%
Mundo actual Océano Índico
59%
Mundo actual Océano Ártico
56%
Mundo actual Océano Austral
52%
Europa Medieval Mar de Arabia
36%
Antigua Grecia Mar Jónico
34%
Antigua Grecia Mar Tirreno
32%
Antigua Grecia Mar de Mármara
20%
Europa Medieval Golfo Pérsico
16%
No se encontraron pruebas coincidentes
Distribución de puntuación
Porcentaje de gente con cada puntuación
Porcentaje por número respondido
Historial de tus puntuaciones
No has intentado esta prueba.